| 000 | 00750nam a22002297a 4500 | ||
|---|---|---|---|
| 999 |
_c939 _d939 |
||
| 001 | 939 | ||
| 003 | BD-JhCC | ||
| 005 | 20171011190001.0 | ||
| 008 | 171011s2005 bg |||| |||| 000 0 ben d | ||
| 020 | _a9848683666 | ||
| 035 | _a(BD-JhCC)939 | ||
| 040 |
_aBD-JhCC _dBD-JhCC |
||
| 041 | _aben | ||
| 082 |
_a891.4435 _bDAT 2005 |
||
| 100 | _aদত্ত, জ্যোতিপ্রকাশ | ||
| 245 |
_aগল্পকল্প ও বাঁচামরার জীবন / _cজ্যোতিপ্রকাশ দত্ত |
||
| 260 |
_aঢাকা: _bঅন্যপ্রকাশ, _c২০০৫. |
||
| 300 |
_a৭৮ পৃ : _c২২ সেমি. |
||
| 650 | _aBengali Short Story | ||
| 942 |
_2ddc _cBK |
||